Curso de mejoramiento profesional para maestros misioneros y asuntos indígenas / (Record no. 13175)

MARC details
000 -CABECERA
campo de control de longitud fija 00928nam a2200193 a 4500
005 - FECHA Y HORA DE LA ÚLTIMA TRANSACCIÓN
campo de control 20250508063849.0
008 - ELEMENTOS DE LONGITUD FIJA--INFORMACIÓN GENERAL
campo de control de longitud fija 991125s1962 mx 000 0 spa u
035 ## - NÚMERO DE CONTROL DEL SISTEMA
Número de control de sistema UPN01000013175
049 ## - COLECCIÓN
Colección SEP
050 #4 - SIGNATURA TOPOGRÁFICA DE LA BIBLIOTECA DEL CONGRESO
Número de clasificación L227 D622
Número de documento/Ítem M6 1962
110 1# - ASIENTO PRINCIPAL--NOMBRE CORPORATIVO
Nombre de entidad corporativa o nombre de jurisdicción como elemento de entrada México.
Unidad subordinada Dirección General de Alfabetización y Educación Extraescolar
9 (RLIN) 28112
245 10 - MENCIÓN DE TÍTULO
Título Curso de mejoramiento profesional para maestros misioneros y asuntos indígenas /
Mención de responsabilidad, etc. Dirección General de Alfabetización y Educación Extra Escolar.
260 ## - PUBLICACIÓN, DISTRIBUCIÓN, ETC.
Lugar de publicación, distribución, etc. México :
Nombre del editor, distribuidor, etc. SEP, Dirección General de Alfabetización y Educación Extraescolar,
Fecha de publicación, distribución, etc. 1962.
300 ## - DESCRIPCIÓN FÍSICA
Extensión [84] h.
505 8# - NOTA DE CONTENIDO CON FORMATO PREESTABLECIDO
Nota de contenido con formato Contiene cuatro relatos: 1. del centro, Guadalajara, Jal. 2. del centro, San Luis Potosí, S.L.P. -- 3. del centro, Toluca, Mex. -- 4. del centro, villahermosa, Tab.
650 #4 - ASIENTO SECUNDARIO DE MATERIA - TERMINO TEMATICO
Término de materia o nombre geográfico como elemento de entrada Educación
Subdivisión geográfica México
Subdivisión general Historia
Subdivisión cronológica Siglo XX
9 (RLIN) 12877
650 #4 - ASIENTO SECUNDARIO DE MATERIA - TERMINO TEMATICO
Término de materia o nombre geográfico como elemento de entrada Enseñanza profesional
9 (RLIN) 21524
905 ## - TIPO DE MATERIAL
Tipo de material Libro
Holdings
Estado de retiro Estado de pérdida Fuente del sistema de clasificación o colocación Estado dañado No para préstamo Código de colección Localización permanente Ubicación/localización actual Ubicación en estantería Fecha de adquisición Clasificación Código de barras Fecha visto por última vez Número de copia Tipo de ítem Koha
    Library of Congress Classification   Coleccion SEP Colección SEP Bib. Gregorio Torres Quintero Bib. Gregorio Torres Quintero Colección SEP 09/05/2023 L227 D622 M6 1962 30165 31/12/2020 1 Libro